[Event "PHI-ch sf"]
[Site "Manila"]
[Date "2014.??.??"]
[Round "2"]
[White "Negrosa, Jerald"]
[Black "Villanueva, Jerome"]
[Result "0-1"]
[WhiteElo "2025"]
[BlackElo "2140"]
[PlyCount "170"]
[EventDate "2014.03.??"]
[EventType "swiss"]
[EventRounds "9"]
[EventCountry "PHI"]
[SourceTitle "EXT 2016"]
[Source "ChessBase"]
[SourceDate "2015.10.08"]
[SourceVersion "1"]
[SourceVersionDate "2015.10.08"]
[SourceQuality "1"]

1. f4 Nf6 2. e3 g6 3. Nf3 Bg7 4. Be2 0-0 5. 0-0 b6 6. d3 d5 7. Qe1 c5 8. Qh4 Nc6 9. c3 Qc7 10. d4 a5 11. Nbd2 Ba6 12. Bxa6 Rxa6 13. Ne5 e6 14. Ndf3 Ne4 15. Bd2 f6 16. Nxc6 Qxc6 17. Rad1 c4 18. g4 b5 19. Qe1 f5 20. h3 Ra7 21. Kg2 Rb7 22. Ng5 Nxg5 23. fxg5 Rbf7 24. Qg3 e5 25. gxf5 Rxf5 26. Rxf5 Rxf5 27. Rf1 Qe6 28. Qg4 Bf8 29. a3 Be7 30. Rxf5 gxf5 31. Qh5 Bd6 32. Qf3 e4 33. Qh5 Bc7 34. Kf1 Kg7 35. Ke2 Bd8 36. Qh4 Bc7 37. Qh5 Bd8 38. Qh4 Bc7 39. Qh5 Qg6 40. Qh4 Qe6 41. Qh5 Bg3 42. Be1 Bd6 43. Qh4 Qg6 44. Bg3 Kg8 45. Bf4 b4 46. axb4 axb4 47. cxb4 Bxb4 48. Kf1 Be7 49. Kf2 Qb6 50. Qh5 Qg6 51. Qh4 Bd8 52. Kg2 Qb6 53. Qh5 Qg6 54. Qh4 h6 55. Qg3 hxg5 56. Bd6 Kf7 57. Ba3 f4 58. Qg4 Qe6 59. Qh5+ Kg7 60. Kf2 fxe3+ 61. Kxe3 Qf5 62. Kd2 Ba5+ 63. Ke2 e3 64. Kxe3 Qe4+ 65. Kf2 Qxd4+ 66. Kf1 Qf4+ 67. Kg2 Qe4+ 68. Qf3 Qxf3+ 69. Kxf3 Bc7 70. Kg4 Kf6 71. Bb4 Be5 72. Bd2 Bxb2 73. Bxg5+ Ke6 74. Bh6 Bh8 75. Kf4 Be5+ 76. Ke3 Kf5 77. Bf8 d4+ 78. Kd2 Bf4+ 79. Kd1 Bg5 80. Bb4 Bh4 81. Kd2 Ke4 82. Kc2 Kf3 83. Ba5 Bf6 84. Be1 Ke2 85. Bb4 d3+ 0-1